000
00325 a2200145 4500
001
167992
020
_a
040
_c
Magnum
100
_a
Guyton, Arthur C.
240
1
0
_a
Tratado de fisiologia medica
_l
por
245
1
0
_a
Tratado de fisiologia medica
362
0
_a
1899
697
_a
CIENCIAS MEDICAS SAUDE
942
_c
BK
999
_c
167992
_d
167992